Andrés Henestrosa : árbol centenario /

Programa que presenta una semblanza de la vida y obra de Andrés Henestrosa.

Gardado en:
Detalles Bibliográficos
Autor Principal: Palacios y Román, José (prod.)
Outros autores: Charolet, Blanca (fotógrafo) (fotógrafo), Moreno, Alberto (música) (música)
Formato: Deslizar
Idioma:Lingua castelá
Publicado: México : CONACULTA : Canal 22, 2008, c2008
Series:(Colección Canal 22. Literatura)
Temas:
Etiquetas: Engadir etiqueta
oaxaca 1

MARC

LEADER 00000ngm^a2200000^a^4500
001 000300719
005 20250521000000.0
009 20260310112521.446
037 |a Acervo ITESO - Biblioteca 
041 |a ESP 
082 |a 709.  |b CAN V. 7 
100 |a Palacios y Román, José  |e (prod.) 
245 1 0 |a Andrés Henestrosa :  |b árbol centenario /  |c Realización de J. Palacios y Román. 
264 4 |a México :  |b CONACULTA :  |b Canal 22,  |c 2008, c2008 
300 |a 1 DVD multirregión  |c (57 min.) 
336 |a imagen móvil bidimensional  |b tdi  |2 rdacontenido 
337 |a video  |b v  |2 rdamedio 
338 |a videodisco  |b vd  |2 rdasoporte 
440 1 |a (Colección Canal 22.  |p Literatura) 
520 |a Programa que presenta una semblanza de la vida y obra de Andrés Henestrosa. 
545 0 |a El escritor, lingüista, historiador y periodista Andrés Henestrosa (Ixhuatán, Oaxaca 1906-Ciudad de México, 2008), considerado como uno de los más importantes autores indigenistas, tuvo como lenguas maternas el zapoteca y el huave; fue hasta los quince años que aprendió el español, coincidiendo con su traslado a la ciudad de México para seguir sus estudios. Premio Internacional Alfonso Reyes, Medalla Belisario Domínguez, Premio Nacional de Ciencias y Artes, Premio Nacional de Periodismo son algunos de los reconocimientos más destacados obtenidos por el autor. Editó las revistas El Libro y el Pueblo y Las Letras Patrias. Entre sus libros se cuentan Los hombres que dispersó la danza; Retrato de mi madre; Los cuatro abuelos; Los caminos de Juárez; Divagario; Prosa presurosa; Agua del tiempo y Alacena de minucias. Preocupado por la sobrevivencia del zapoteco, fonetizó la lengua, la transcribió al alfabeto latino e hizo un breve diccionario zapoteca-castellano. Tanto en su obra escrita, como creador y como periodista, como en su labor académica y política, manifestó esta preocupación, junto con la del rescate del pasado y el conocimiento del presente de los indígenas, de quienes estudia y exalta la cultura. 
586 |a Premio Nacional de Ciencias y Artes, categoría Lingüística y Literatura (45°: 1994): Biografías, crítica e interpretación 
649 |a XX 
650 |a Escritores Mexicanos -  |x Memorias 
650 |a Memorias Mexicanas 
650 |a Literatura Mexicana -  |y Siglo XXI 
650 |a Literatura Mexicana -  |x Historia y Crítica 
650 |a Tehuantepec (Istmo) en la Literatura 
650 |a Henestrosa, Andrés -  |x Tema Principal 
700 |a Charolet, Blanca  |e (fotógrafo) 
700 |a Moreno, Alberto  |e (música) 
910 |a Fondo General 
920 |a Audiovisuales - DVDs 
905 |a 302 
901 |a 0500198468  |b IT2  |c DVS  |u 20250521 
902 |a https://opac.biblio.iteso.mx/vufind/Record/000300719